[Event "Southend Easter U1700 rapid op 67th"]
[Site "Southend"]
[Date "2025.04.17"]
[Round "1"]
[White "Vishnuvardhan, Deepchand"]
[Black "Cawdery, Mary"]
[Result "0-1"]
[WhiteElo "1423"]
[BlackElo "1573"]
[PlyCount "64"]
[EventDate "2025.04.17"]
[EventType "swiss (rapid)"]
[EventRounds "6"]
[EventCountry "ENG"]
[SourceTitle "CB18_2025"]
[SourceDate "2025.04.30"]
[SourceVersion "1"]
[SourceVersionDate "2025.04.30"]
[SourceQuality "1"]

1. e4 e5 2. Nf3 Nc6 3. Bc4 Nf6 4. d3 h6 5. Be3 Be7 6. Nc3 0-0 7. 0-0 d6 8. h3 Na5 9. Bb3 Nxb3 10. axb3 Be6 11. Re1 c6 12. d4 exd4 13. Nxd4 d5 14. exd5 Bxd5 15. Nf5 Bb4 16. Bd4 Be6 17. Ng3 Nd5 18. Nh5 Qg5 19. Nxd5 Bxd5 20. g4 Bxe1 21. Qxe1 f6 22. f4 Qg6 23. f5 Qe8 24. Qg3 Qe4 25. Bc5 Qh1+ 26. Kf2 Qxa1 27. Bxf8 Rxf8 28. Qc7 Bf7 29. Nf4 Re8 30. Ng6 Qe1+ 31. Kg2 Re2+ 32. Kf3 Qf2# 0-1

[Event "Southend Easter U1700 rapid op 67th"]
[Site "Southend"]
[Date "2025.04.17"]
[Round "6"]
[White "Vishnuvardhan, Deepchand"]
[Black "Jiggins, Matthew"]
[Result "1-0"]
[WhiteElo "1423"]
[BlackElo "1567"]
[PlyCount "51"]
[EventDate "2025.04.17"]
[EventType "swiss (rapid)"]
[EventRounds "6"]
[EventCountry "ENG"]
[SourceTitle "CB18_2025"]
[SourceDate "2025.04.30"]
[SourceVersion "1"]
[SourceVersionDate "2025.04.30"]
[SourceQuality "1"]

1. e4 e5 2. Nf3 Nc6 3. Bc4 Nf6 4. d3 Bc5 5. Bg5 h6 6. Bh4 d6 7. h3 g5 8. Bg3 Nh5 9. Bh2 Nf4 10. Bxf4 gxf4 11. Nc3 Rg8 12. Na4 Rxg2 13. Nxc5 dxc5 14. Rg1 Bxh3 15. Rxg2 Bxg2 16. Qe2 Bxf3 17. Qxf3 Qg5 18. 0-0-0 Na5 19. Qh3 h5 20. f3 h4 21. Rd2 Rd8 22. Rg2 Qf6 23. Rg4 Nxc4 24. dxc4 Qa6 25. Rg8+ Ke7 26. Qxh4+ 1-0